| 000 | 00531nam a2200145 4500 | ||
|---|---|---|---|
| 082 | _aBEE-5 ARS | ||
| 100 | _aArsal Syed | Khawaja M. Abdul Rahman | Ahmed Shaheer | ||
| 245 | _aSolar power integration into main grid using dual converters | ||
| 260 |
_aIslamabad _bNUST-SEECS _c2017 |
||
| 300 |
_a63p. _eCD Includes |
||
| 856 | _uhttp://10.250.8.41:8080/xmlui/handle/123456789/29091 | ||
| 942 |
_2ddc _cTHE |
||
| 999 |
_c331444 _d331444 |
||